| 000 | 00356 a2200109 4500 | ||
|---|---|---|---|
| 001 | ART_2828 | ||
| 005 | 20260410161710.0 | ||
| 008 | 260409a | ||
| 245 | 1 | 0 | _aLa integración y el crecimiento económico en América Latina |
| 100 | 1 | _aDr. Dagum, Camilo | |
| 773 | 0 |
_tDesarrollo económico _g- Vol. 4, Nº 14/15 (jul./dic. 1964) _wREV1174 |
|
| 999 |
_c16007 _d16007 |
||